000 01103nam a2200253Ia 4500
001 15088
003 GE_BSU
008 181216s||||||||xx |||||||||||||| ||und||
020 _a9789941106910
040 _cGE_BSU
080 _a316.334.3
100 _aბერძენიშვილი,ამირან
245 _aკლასიკური სოციოლოგიური თეორიები. სოციოლოგიური განვითარების ადრეული წლები
245 _bსალექციო კურსი
245 _cსამეცნ. რედ. ფლორა ესებუა
260 _aთბილისი
260 _bმერიდიანი
260 _c2013
300 _a404გვ.24სმ.
300 _eბიბლიოგრ.:გვ.402-404
653 _aკლასიკური სოციოლოგიური თეორიები
653 _aსოციოლოგიური განვითარების ადრეული წლები
942 _cBK
999 _c48206
_d48206